Los programas de ajuste del FMI y del Banco Mundial /
Uloženo v:
| Hlavní autor: | |
|---|---|
| Médium: | Text |
| Témata: | |
| Tagy: |
Přidat tag
Žádné tagy, Buďte první, kdo vytvoří štítek k tomuto záznamu!
|
MARC
| LEADER | 00000 a a2200000 04500 | ||
|---|---|---|---|
| 001 | 232 | ||
| 003 | |||
| 040 | |||
| 100 | |a Singh, Agit | ||
| 245 | |a Los programas de ajuste del FMI y del Banco Mundial / |c Agit Singh | ||
| 650 | |a ECONOMIA | ||
| 650 | |a DEVALUACION | ||
| 650 | |a INFLACION | ||
| 650 | |a FMI | ||
| 650 | |a AFRICA | ||
| 773 | |g núm 1, páginas 7-16 | ||
| 999 | |c 36138 |d 36138 | ||
| 773 | 0 | |0 41952 |9 3364 |d Madrid: Solidaridad para el desarrollo y la paz, SODEPAZ-SODEPAU; Asociación Andaluza por la solidaridad y la paz 1990- |o 03610 |t Africa América Latina: |x 11302569 | |
